000 00382nam a2200133 4500
005 20260410122050.0
008 260410b |||||||| |||| 00| 0 eng d
020 _a978-93-5269-646-8
100 _a Sudan Madhu
245 _aComputational Plasma Physics
_c/Madhun Sudan
260 _aNew Delhi, India;
_bRandom Publications;
_c2020
300 _aviii,296p.ill;
_c24cm
942 _2lcc
_n0
_cBK
999 _c212
_d212